00443nam a2200157 4500001000700000003000900007005001700016007000300033008004100036100003000077245006800107260004100175300002100216700001600237852003200253126801ES-MaACL20251011063131.0t|070214s1963 xxk r ||||1| eng d1 aRiba, Carles, d1893-195910aPoems / cCarles Riba ; with English translation by J. L. Gili. aOxford : bThe Dolphin Book, c1963. a70 p. ; c22 cm.1 aGili, J. L. aES-MaACLjF-14688 bR.53503